[Event "San Andres Islas Caribe-ch (Women)"]
[Site "San Andres Islas"]
[Date "2015.05.07"]
[Round "5"]
[White "Parodi, Nicol Andrea"]
[Black "Corredor Agamez, Michelle"]
[Result "1-0"]
[WhiteElo "1398"]
[BlackElo "1304"]
[PlyCount "24"]
[EventDate "2015.05.05"]
[EventType "swiss"]
[EventRounds "6"]
[EventCountry "COL"]
[SourceTitle "CBM 166 Extra"]
[Source "ChessBase"]
[SourceDate "2015.06.18"]
[SourceVersion "1"]
[SourceVersionDate "2015.06.18"]
[SourceQuality "1"]

1. e4 e5 2. Nf3 d6 3. Bc4 Qe7 4. 0-0 Be6 5. Bxe6 Qxe6 6. Ng5 Qd7 7. Nf3 Nf6 8. Nc3 Nc6 9. d3 0-0-0 10. Be3 d5 11. exd5 Nxd5 12. Nxd5 Qxd5 1-0